地球の歩き方のタイトル - Statistics

General Stats
  • This quiz has been taken 64 times
    38 since last reset
  • The average score is 80 of 141
Answer Stats
番号 タイトル 最新版発行月 % Correct
A02 イギリス 2023年10月
94%
A06 フランス 2023年7月
94%
A09 イタリア 2019年12月
94%
A14 ドイツ 2022年10月
94%
A19 オランダ ベルギー ルクセンブルク 2020年8月
94%
A07 パリ&近郊の町 2022年12月
88%
A10 ローマ 2018年4月
88%
A17 ウィーンとオーストリア 2023年3月
88%
A20 スペイン 2023年7月
88%
A26 チェコ ポーランド スロヴァキア 2020年5月
88%
A28 ブルガリア ルーマニア 2019年3月
88%
D01 中国 2018年10月
88%
D17 タイ 2023年6月
88%
D21 ベトナム 2022年12月
88%
D25 インドネシア 2020年1月
88%
D28 インド 2023年7月
88%
D37 韓国 2023年3月
88%
J00 日本 2022年9月
88%
A03 ロンドン 2023年3月
81%
A23 ポルトガル 2019年7月
81%
A31 ロシア 2020年7月
81%
D10 台湾 2023年6月
81%
D14 モンゴル 2020年3月
81%
D19 マレーシア ブルネイ 2023年2月
81%
D20 シンガポール 2023年3月
81%
E03 イスタンブールとトルコの大地 2019年8月
81%
A05 アイルランド 2019年6月
75%
A18 スイス 2023年6月
75%
A27 ハンガリー 2019年2月
75%
A29 北欧 2020年8月
75%
B01 アメリカ 2018年12月
75%
B16 カナダ 2023年10月
75%
B19 メキシコ 2018年9月
75%
C10 ニュージーランド 2023年6月
75%
C11 オーストラリア 2022年9月
75%
D03 北京 2019年2月
75%
D09 香港 マカオ 深圳 2019年6月
75%
E02 エジプト 2020年8月
75%
E06 イラン 2016年12月
75%
J03 京都 2022年3月
75%
J05 北海道 2022年6月
75%
J20 大阪 2025年1月
75%
A16 ベルリンと北ドイツ 2020年3月
69%
A21 マドリードとアンダルシア 世界遺産 2019年2月
69%
B06 ニューヨーク 2022年8月
69%
B21 ブラジル ベネズエラ 2018年3月
69%
B22 アルゼンチン チリ パラグアイ ウルグアイ 2020年3月
69%
B23 ペルー ボリビア エクアドル コロンビア 2019年12月
69%
C01 ハワイ オアフ島&ホノルル 2022年8月
69%
D02 上海 杭州 蘇州 2019年7月
69%
D23 ラオス 2023年10月
69%
D32 パキスタン 2007年7月
69%
D38 ソウル 2023年4月
69%
E05 イスラエル 2018年10月
69%
E07 モロッコ 2019年7月
69%
E10 南アフリカ 2020年3月
69%
A01 ヨーロッパ 2020年3月
63%
A22 バルセロナ&近郊の町 2020年2月
63%
A30 バルトの国々 2019年5月
63%
A34 クロアチア スロヴェニア 2019年3月
63%
B03 ロスアンゼルス 2023年3月
63%
B11 シカゴ 2020年4月
63%
C04 グアム 2022年12月
63%
C08 モルディブ 2019年9月
63%
D27 フィリピン 2023年10月
63%
D30 スリランカ 2019年10月
63%
D35 バングラデシュ 2014年10月
63%
J04 沖縄 2022年5月
63%
J08 千葉 2022年12月
63%
A15 南ドイツ フランクフルト ミュンヘン 2023年10月
56%
B04 サンフランシスコ 2019年7月
56%
B24 キューバ バハマ ジャマイカ 2018年9月
56%
C13 シドニー&メルボルン 2019年5月
56%
D05 広州 アモイ 桂林 2019年2月
56%
D11 台北 2023年10月
56%
D18 バンコク 2022年12月
56%
D24 ミャンマー 2020年3月
56%
J17 群馬 2024年10月
56%
J18 茨城 2024年10月
56%
J19 栃木 2024年10月
56%
A04 湖水地方&スコットランド 2020年8月
50%
A11 ミラノ、ヴェネツィア 2019年3月
50%
A13 南イタリアとシチリア 2020年4月
50%
B05 シアトル ポートランド 2023年10月
50%
C03 サイパン ロタ&テニアン 2017年12月
50%
D15 中央アジア 2019年6月
50%
D29 ネパールとヒマラヤトラッキング 2020年8月
50%
E04 ペトラ遺跡とヨルダン レバノン 2019年2月
50%
E11 リビア 2010年4月
50%
J07 埼玉 2023年3月
50%
J10 愛知 2023年8月
50%
J12 四国 2023年11月
50%
J15 広島 2024年7月
50%
J21 みちのく 福島 宮城 岩手 青森 2025年2月
50%
B07 ボストン 2020年1月
44%
B09 ラスベガス 2023年3月
44%
B10 フロリダ 2023年8月
44%
D06 成都 重慶 九寨溝 麗江 2019年10月
44%
D07 西安 敦煌 ウルムチ 2019年11月
44%
D13 台南 高雄 屏東&南台湾の町 2019年1月
44%
D16 東南アジア 2020年3月
44%
D31 ブータン 2018年3月
44%
D33 マカオ 2018年4月
44%
E08 チュニジア 2019年10月
44%
E12 マダガスカル 2019年10月
44%
J06 神奈川 2024年3月
44%
J09 札幌・小樽  2023年7月
44%
B08 ワシントンDC 2023年5月
44%
A12 フィレンツェとトスカーナ 2019年6月
38%
B14 ダラス ヒューストン デンバー 2020年1月
38%
B15 アラスカ 2018年12月
38%
D04 大連 瀋陽 ハルビン 2018年11月
38%
D08 チベット 2018年6月
38%
D34 釜山 慶州 2017年3月
38%
E01 ドバイとアラビア半島の国々 2020年2月
38%
A08 南仏 プロヴァンス 2020年3月
31%
A24 ギリシア 2018年10月
31%
C07 ニューカレドニア 2020年8月
31%
D26 バリ島 2023年10月
31%
J16 横浜市 2024年8月
31%
A25 中欧 2019年1月
25%
B02 アメリカ西海岸 2019年11月
25%
C05 タヒチ イースター島 2019年3月
25%
C06 フィジー 2018年6月
25%
J02 東京多摩地域 2022年3月
25%
J13 北九州市 2024年2月
25%
J01 東京23区 2023年7月
25%
B12 アメリカ南部 2019年4月
19%
B17 カナダ西部 2023年4月
19%
B18 カナダ東部 2023年1月
19%
B20 中米 2017年9月
19%
C02 ハワイ島 2023年6月
19%
C12 ゴールドコースト&ケアンズ 2023年8月
19%
D22 アンコール・ワット 2023年7月
19%
J11 世田谷区 2024年2月
19%
J14 東京の島々 2024年3月
19%
A32 極東ロシア シベリア サハリン 2019年3月
13%
B13 アメリカの国立公園 2019年6月
13%
B25 アメリカ・ドライブ 2019年11月
13%
D36 南インド 2016年3月
13%
E09 東アフリカ 2016年7月
13%
No matching quizzes found
Score Distribution
Percent of People with Each Score
Percentile by Number Answered
Your Score History
You have not taken this quiz since the last reset